[Event "AUT-chT2M 2122"]
[Site "Austria"]
[Date "2022.03.27"]
[Round "9.3"]
[White "Supancic, Darko"]
[Black "Moser, Guenter"]
[Result "1/2-1/2"]
[WhiteElo "2272"]
[BlackElo "2267"]
[PlyCount "84"]
[EventDate "2021.10.01"]
[EventType "team-tourn"]
[EventRounds "11"]
[EventCountry "AUT"]
[SourceTitle "EXT 2023"]
[Source "ChessBase"]
[SourceDate "2022.10.05"]
[SourceVersion "1"]
[SourceVersionDate "2022.10.05"]
[SourceQuality "1"]
[WhiteTeam "Frauental"]
[BlackTeam "Ansfelden Union"]
[WhiteTeamCountry "AUT"]
[BlackTeamCountry "AUT"]

1. Nf3 f5 2. g3 Nf6 3. Bg2 g6 4. 0-0 Bg7 5. d4 0-0 6. c4 d6 7. Nc3 Nc6 8. d5 Ne5 9. Nxe5 dxe5 10. b3 h6 11. Bb2 g5 12. Qd2 a6 13. Rfd1 Qe8 14. c5 Qh5 15. d6 exd6 16. Nd5 Nxd5 17. Qxd5+ Kh7 18. cxd6 c6 19. Qa5 Qe8 20. Rac1 Rf7 21. e3 e4 22. Bxg7 Kxg7 23. Bf1 Be6 24. Rd4 Rd8 25. Bc4 Rdd7 26. Qe5+ Rf6 27. a4 Bf7 28. Qc5 Qd8 29. Rcd1 Qe8 30. b4 Bxc4 31. Qxc4 Re6 32. b5 cxb5 33. axb5 axb5 34. Qxb5 Qf7 35. Rd5 Rf6 36. Qb2 Kg6 37. Qd4 Re6 38. Qc5 Qf8 39. Qd4 Qf6 40. Qd2 Qf8 41. Kg2 Qf6 42. Qb4 Qf8 1/2-1/2

[Event "AUT-chT2M 2122"]
[Site "Austria"]
[Date "2022.03.25"]
[Round "7.2"]
[White "Moser, Guenter"]
[Black "Holzmann, Joerg"]
[Result "1/2-1/2"]
[WhiteElo "2267"]
[BlackElo "2182"]
[PlyCount "86"]
[EventDate "2021.10.01"]
[EventType "team-tourn"]
[EventRounds "11"]
[EventCountry "AUT"]
[SourceTitle "EXT 2023"]
[Source "ChessBase"]
[SourceDate "2022.10.05"]
[SourceVersion "1"]
[SourceVersionDate "2022.10.05"]
[SourceQuality "1"]
[WhiteTeam "Ansfelden Union"]
[BlackTeam "Villach Admira"]
[WhiteTeamCountry "AUT"]
[BlackTeamCountry "AUT"]

1. c4 f5 2. Nc3 Nf6 3. g3 g6 4. Bg2 Bg7 5. d4 0-0 6. Nh3 Nc6 7. 0-0 d6 8. Rb1 Ng4 9. e3 e5 10. d5 Ne7 11. f3 Nf6 12. b3 h6 13. e4 a6 14. Nf2 b5 15. a4 b4 16. Ne2 fxe4 17. fxe4 c5 18. dxc6 Nxc6 19. h3 Be6 20. Be3 Qc7 21. Qd2 Kh7 22. Nd3 a5 23. Rbd1 Rad8 24. Nf2 Rf7 25. g4 Ne8 26. Nh1 Rdd7 27. Nhg3 Rxf1+ 28. Nxf1 Rf7 29. Nfg3 Bf8 30. Rf1 Rxf1+ 31. Bxf1 Qf7 32. Bg2 Nc7 33. Nc1 Na6 34. Nge2 Qd7 35. Nd3 Qf7 36. Qb2 Qc7 37. Nec1 Be7 38. Qf2 Qd8 39. Bf3 Bh4 40. Qb2 Bg5 41. Bf2 Bh4 42. Be3 Bg5 43. Bf2 Bh4 1/2-1/2

[Event "AUT-chT 1819"]
[Site "Austria"]
[Date "2018.11.16"]
[Round "2.4"]
[White "Shengelia, Davit"]
[Black "Moser, Guenter"]
[Result "1/2-1/2"]
[WhiteElo "2522"]
[BlackElo "2294"]
[PlyCount "157"]
[EventDate "2018.11.15"]
[EventType "team-tourn"]
[EventRounds "11"]
[EventCountry "AUT"]
[SourceTitle "CBM 187 Extra"]
[Source "ChessBase"]
[SourceDate "2018.11.04"]
[SourceVersion "1"]
[SourceVersionDate "2018.11.04"]
[SourceQuality "1"]
[WhiteTeam "Jenbach"]
[BlackTeam "Ansfelden"]
[WhiteTeamCountry "AUT"]
[BlackTeamCountry "AUT"]

1. d4 f5 2. c4 Nf6 3. g3 g6 4. Bg2 Bg7 5. Nc3 0-0 6. Nh3 Nc6 7. 0-0 d6 8. d5 Ne5 9. b3 a6 10. Bd2 Rb8 11. a4 c6 12. Nf4 Bd7 13. a5 h6 14. Ne6 Bxe6 15. dxe6 d5 16. cxd5 Nxd5 17. Nxd5 cxd5 18. Be3 d4 19. Bxd4 Nf3+ 20. Bxf3 Qxd4 21. Qxd4 Bxd4 22. Ra4 Bc5 23. Rd1 Bd6 24. e4 fxe4 25. Bxe4 Kg7 26. Kg2 Rf6 27. Bd5 Rf5 28. Re4 b6 29. axb6 Rxb6 30. f4 a5 31. Bc4 Kf6 32. g4 Rc5 33. h4 Kg7 34. Kf3 Rc8 35. Rd5 Rc5 36. Rxc5 Bxc5 37. Re5 Bb4 38. h5 gxh5 39. Rxh5 Rb8 40. Rd5 Rf8 41. g5 hxg5 42. Rxg5+ Kh6 43. Rd5 Rf6 44. Rd8 Kg7 45. Ke4 Rh6 46. Rd1 Rh2 47. Rg1+ Kf8 48. Rg4 Be1 49. Bb5 Rh6 50. Bd7 Bb4 51. f5 Rh8 52. Bb5 Rg8 53. Rf4 Rg3 54. Ba4 Kg7 55. f6+ exf6 56. Rf1 Rg5 57. Kd4 Re5 58. Bd7 Bc5+ 59. Kc4 Bb4 60. Rg1+ Rg5 61. Rh1 Re5 62. Rh3 Rg5 63. Kd4 Re5 64. Rh2 Bc5+ 65. Kd3 Bb4 66. Rh4 Be7 67. Rf4 f5 68. Rf1 Kf6 69. Rh1 Re4 70. Rh7 Bb4 71. Rf7+ Kg5 72. Bc8 Kf4 73. Bd7 Kg5 74. Rh7 Kf6 75. Bc8 Kg5 76. Rf7 Kg6 77. Rb7 Kf6 78. Rf7+ Kg6 79. Rb7 1/2-1/2

[Event "AUT-chT2M 1718"]
[Site "Austria"]
[Date "2018.04.07"]
[Round "11.5"]
[White "Moser, Guenter"]
[Black "Dietmayer Kraeutler, Marco"]
[Result "0-1"]
[WhiteElo "2308"]
[BlackElo "2326"]
[PlyCount "82"]
[EventDate "2017.10.27"]
[EventType "team-tourn"]
[EventRounds "11"]
[EventCountry "AUT"]
[SourceTitle "EXT 2019"]
[Source "ChessBase"]
[SourceDate "2018.10.10"]
[SourceVersion "1"]
[SourceVersionDate "2018.10.10"]
[SourceQuality "1"]
[WhiteTeam "Ansfelden"]
[BlackTeam "Leoben"]
[WhiteTeamCountry "AUT"]
[BlackTeamCountry "AUT"]

1. c4 e5 2. g3 f5 3. Bg2 Nf6 4. Nc3 g6 5. e3 Bg7 6. Nge2 Nc6 7. d3 0-0 8. 0-0 d6 9. Rb1 g5 10. f4 h6 11. b4 a6 12. Nd5 Ne7 13. Nxf6+ Bxf6 14. Qc2 c6 15. Kh1 Be6 16. e4 fxe4 17. dxe4 b5 18. c5 dxc5 19. Rd1 Qc7 20. fxe5 Bxe5 21. bxc5 Bc4 22. Be3 Qa5 23. Nc1 Rad8 24. Nb3 Qa3 25. Kg1 a5 26. Rxd8 Rxd8 27. Bc1 Qb4 28. Bf1 Bxf1 29. Kxf1 a4 30. Nd2 Qc3 31. Qxc3 Bxc3 32. Ke2 Rd4 33. Ke3 Ng6 34. Bb2 Rxd2 35. Bxc3 Rxa2 36. Rf1 Ra3 37. Kd2 Ra2+ 38. Kd3 Rxh2 39. e5 Rh3 40. Ke4 Rxg3 41. Rf6 Ne7 0-1

[Event "AUT-chT2M 1718"]
[Site "Austria"]
[Date "2017.10.28"]
[Round "2.2"]
[White "Moser, Guenter"]
[Black "Poetz, Florian"]
[Result "1-0"]
[WhiteElo "2314"]
[BlackElo "2385"]
[PlyCount "83"]
[EventDate "2017.10.27"]
[EventType "team-tourn"]
[EventRounds "11"]
[EventCountry "AUT"]
[SourceTitle "CBM 181 Extra"]
[Source "ChessBase"]
[SourceDate "2017.12.12"]
[SourceVersion "1"]
[SourceVersionDate "2017.12.12"]
[SourceQuality "1"]
[WhiteTeam "Ansfelden"]
[BlackTeam "Fuerstenfeld/Hartberg"]
[WhiteTeamCountry "AUT"]
[BlackTeamCountry "AUT"]

1. d4 Nf6 2. c4 c5 3. d5 e6 4. Nc3 exd5 5. cxd5 d6 6. g3 g6 7. Bg2 Bg7 8. Nf3 0-0 9. 0-0 Re8 10. Nd2 a6 11. a4 Nbd7 12. h3 Qc7 13. a5 b5 14. axb6 Nxb6 15. Kh2 Rb8 16. f4 c4 17. e4 Nfd7 18. Na4 Nxa4 19. Rxa4 Nc5 20. Rxc4 a5 21. Rc2 Ba6 22. Rf3 Qe7 23. Ra3 a4 24. Rxc5 dxc5 25. Rxa4 Bb5 26. Ra3 Ra8 27. Qb3 Rxa3 28. bxa3 Qd7 29. e5 Ba6 30. a4 c4 31. Nxc4 Qc7 32. Nd6 Rb8 33. Qe3 f6 34. exf6 Bxf6 35. Qe6+ Kg7 36. Ne4 Bd4 37. Qxa6 Qxc1 38. Qf1 Qc2 39. Ng5 Kh8 40. Qe1 Bf6 41. Qe6 Qf5 42. Qd6 1-0

[Event "AUT-chT2M 1617"]
[Site "Austria"]
[Date "2017.01.28"]
[Round "7.2"]
[White "Moser, Guenter"]
[Black "Hiermann, Dietmar"]
[Result "1/2-1/2"]
[WhiteElo "2318"]
[BlackElo "2292"]
[PlyCount "51"]
[EventDate "2016.10.07"]
[EventType "team-tourn"]
[EventRounds "11"]
[EventCountry "AUT"]
[SourceTitle "CBM 177 Extra"]
[Source "ChessBase"]
[SourceDate "2017.04.27"]
[SourceVersion "1"]
[SourceVersionDate "2017.04.27"]
[SourceQuality "1"]
[WhiteTeam "Ansfelden"]
[BlackTeam "Sauwald"]
[WhiteTeamCountry "AUT"]
[BlackTeamCountry "AUT"]

1. c4 Nf6 2. Nc3 d5 3. cxd5 Nxd5 4. g3 c6 5. Nf3 Nd7 6. Bg2 g6 7. Nxd5 cxd5 8. Qb3 Qa5 9. 0-0 e6 10. d4 Qb4 11. Qc2 Bg7 12. Bd2 Qb6 13. Bc3 0-0 14. a4 a5 15. Rfc1 Nb8 16. Qd2 Nc6 17. Bf1 Bd7 18. e3 Rfc8 19. Bb5 Bf8 20. Qe2 Qd8 21. Qf1 Rc7 22. Qd1 Rcc8 23. Qf1 Rc7 24. Qd1 Rcc8 25. Qf1 Rc7 26. Qd1 1/2-1/2

[Event "AUT-chT2M 1617"]
[Site "Austria"]
[Date "2016.10.07"]
[Round "1.3"]
[White "Moser, Guenter"]
[Black "Enoeckl, Philipp"]
[Result "1/2-1/2"]
[WhiteElo "2318"]
[BlackElo "2322"]
[PlyCount "60"]
[EventDate "2016.10.07"]
[EventType "team-tourn"]
[EventRounds "11"]
[EventCountry "AUT"]
[SourceTitle "EXT 2017"]
[Source "ChessBase"]
[SourceDate "2016.10.25"]
[SourceVersion "1"]
[SourceVersionDate "2016.10.25"]
[SourceQuality "1"]
[WhiteTeam "Ansfelden"]
[BlackTeam "Leoben"]
[WhiteTeamCountry "AUT"]
[BlackTeamCountry "AUT"]

1. Nf3 Nf6 2. c4 g6 3. g3 Bg7 4. Bg2 0-0 5. 0-0 d6 6. Nc3 c5 7. a3 Nc6 8. Rb1 a5 9. d3 Ne8 10. Bd2 Nc7 11. Re1 Rb8 12. Nb5 Nxb5 13. cxb5 Nd4 14. Nxd4 Bxd4 15. Qc2 b6 16. e3 Bg7 17. b4 axb4 18. axb4 Bb7 19. Bxb7 Rxb7 20. d4 Qd7 21. Qd3 cxb4 22. Rxb4 d5 23. Ra4 Rc8 24. Rea1 Bf6 25. Kg2 h5 26. h3 Kg7 27. R1a2 Rbc7 28. Ra6 Rb7 29. R6a4 Rbc7 30. Ra6 Rb7 1/2-1/2

[Event "AUT-chT2M 1516"]
[Site "Austria"]
[Date "2015.10.03"]
[Round "2.3"]
[White "Manhardt, Thomas"]
[Black "Moser, Guenter"]
[Result "1-0"]
[WhiteElo "2234"]
[BlackElo "2350"]
[PlyCount "73"]
[EventDate "2015.10.02"]
[EventType "team-tourn"]
[EventRounds "11"]
[EventCountry "AUT"]
[SourceTitle "CBM 168 Extra"]
[Source "ChessBase"]
[SourceDate "2015.10.29"]
[SourceVersion "1"]
[SourceVersionDate "2015.10.29"]
[SourceQuality "1"]
[WhiteTeam "Gleisdorf"]
[BlackTeam "Ansfelden"]
[WhiteTeamCountry "AUT"]
[BlackTeamCountry "AUT"]

1. e4 c6 2. d4 d5 3. exd5 cxd5 4. c4 Nf6 5. Nc3 g6 6. Qb3 Bg7 7. cxd5 0-0 8. Be2 Na6 9. Bf3 Nc7 10. Bf4 Nce8 11. Nge2 Nd6 12. 0-0 a6 13. a4 b6 14. Rac1 Bb7 15. h3 Rc8 16. Na2 a5 17. Rxc8 Bxc8 18. Rc1 Bb7 19. Nac3 Nfe8 20. Be5 Bh6 21. Rc2 Nc8 22. Nb5 Ned6 23. Nec3 f5 24. Ne2 Rf7 25. Nc7 Qd7 26. Ne6 Qe8 27. Rc7 Ba6 28. Nc3 Bd2 29. Qc2 Bxc3 30. Rxc3 Bb7 31. Qb3 h6 32. Be2 Kh7 33. Rc7 Qg8 34. Bb5 Nxb5 35. Qxb5 Nd6 36. Qd7 Bxd5 37. Bxd6 1-0

[Event "AUT-chT2M 1415"]
[Site "Austria"]
[Date "2015.02.27"]
[Round "6.6"]
[White "Moser, Guenter"]
[Black "Kiss, Attila"]
[Result "1/2-1/2"]
[WhiteElo "2330"]
[BlackElo "2378"]
[PlyCount "76"]
[EventDate "2014.10.03"]
[EventType "team-tourn"]
[EventRounds "11"]
[EventCountry "AUT"]
[SourceTitle "EXT 2016"]
[Source "ChessBase"]
[SourceDate "2015.10.08"]
[SourceVersion "1"]
[SourceVersionDate "2015.10.08"]
[SourceQuality "1"]
[WhiteTeam "Ansfelden"]
[BlackTeam "Fuerstenfeld/Hartberg"]
[WhiteTeamCountry "AUT"]
[BlackTeamCountry "AUT"]

1. d4 Nf6 2. c4 e6 3. Nf3 b6 4. a3 Bb7 5. Nc3 d5 6. Bg5 Be7 7. e3 Nbd7 8. b4 dxc4 9. Bxc4 0-0 10. 0-0 c5 11. bxc5 bxc5 12. Ne2 Qa5 13. Qe1 Qxe1 14. Rfxe1 Rfc8 15. Bb5 Kf8 16. a4 a6 17. Bd3 Be4 18. Bxe4 Nxe4 19. Bxe7+ Kxe7 20. Red1 c4 21. Ne1 Rab8 22. Ra2 Rb3 23. Rc1 Nd6 24. Nc3 Nf6 25. a5 Rcb8 26. Kf1 Nd5 27. Na4 Rb1 28. Ra1 Rxc1 29. Rxc1 Rb5 30. Nc5 Rxa5 31. e4 Nb6 32. Nf3 f6 33. Ke2 e5 34. Ke3 Ra3+ 35. Ke2 Ra2+ 36. Ke3 Ra3+ 37. Ke2 Ra2+ 38. Ke3 Ra3+ 1/2-1/2

[Event "AUT-chT 1314"]
[Site "Austria"]
[Date "2014.03.23"]
[Round "11.4"]
[White "Deglmann, Ludwig"]
[Black "Moser, Guenter"]
[Result "1-0"]
[WhiteElo "2349"]
[BlackElo "2357"]
[PlyCount "53"]
[EventDate "2013.12.06"]
[EventType "team-tourn"]
[EventRounds "11"]
[EventCountry "AUT"]
[SourceTitle "EXT 2015"]
[Source "ChessBase"]
[SourceDate "2014.11.20"]
[SourceVersion "1"]
[SourceVersionDate "2014.11.20"]
[SourceQuality "1"]
[WhiteTeam "Absam"]
[BlackTeam "Ansfelden"]
[WhiteTeamCountry "AUT"]
[BlackTeamCountry "AUT"]

1. d4 f5 2. e4 fxe4 3. Nc3 Nf6 4. Bg5 g6 5. h4 d5 6. h5 Bg7 7. h6 Bf8 8. f3 c6 9. Qd2 Bf5 10. 0-0-0 Nbd7 11. g4 Be6 12. Re1 b5 13. Bxf6 Nxf6 14. g5 Nd7 15. Bh3 Bxh3 16. Nxh3 b4 17. Nb1 e5 18. fxe4 Be7 19. exd5 cxd5 20. dxe5 Nc5 21. b3 Ne4 22. Qd4 Bc5 23. Qd3 0-0 24. Rxe4 dxe4 25. Qc4+ Kh8 26. Qxc5 Rf3 27. e6 1-0

[Event "AUT-chT 1314"]
[Site "Austria"]
[Date "2014.03.22"]
[Round "10.4"]
[White "Moser, Guenter"]
[Black "Wukits, Rene"]
[Result "1/2-1/2"]
[WhiteElo "2357"]
[BlackElo "2263"]
[PlyCount "61"]
[EventDate "2013.12.06"]
[EventType "team-tourn"]
[EventRounds "11"]
[EventCountry "AUT"]
[SourceTitle "EXT 2015"]
[Source "ChessBase"]
[SourceDate "2014.11.20"]
[SourceVersion "1"]
[SourceVersionDate "2014.11.20"]
[SourceQuality "1"]
[WhiteTeam "Ansfelden"]
[BlackTeam "Tschaturanga"]
[WhiteTeamCountry "AUT"]
[BlackTeamCountry "AUT"]

1. d4 Nf6 2. c4 e6 3. Nf3 c5 4. g3 cxd4 5. Nxd4 Nc6 6. Bg2 Bb4+ 7. Bd2 Be7 8. Bc3 0-0 9. e4 d5 10. Nxc6 bxc6 11. e5 Nd7 12. cxd5 cxd5 13. 0-0 Ba6 14. Re1 Qb6 15. Qd2 Rab8 16. Na3 Bb4 17. Bxb4 Qxb4 18. Qxb4 Rxb4 19. b3 Rc8 20. f4 Rb7 21. Rad1 Rc5 22. Rd2 Rbc7 23. Kf2 Kf8 24. Bf3 Ke7 25. Bh5 R5c6 26. Bd1 Rc5 27. Nc2 Rc3 28. Re3 Nc5 29. Rxc3 Ne4+ 30. Ke1 Rxc3 31. Rd4 1/2-1/2

[Event "AUT-chT2M 1112"]
[Site "Austria"]
[Date "2012.04.28"]
[Round "10.4"]
[White "Moser, Guenter"]
[Black "Wittmann, Walter"]
[Result "1-0"]
[WhiteElo "2343"]
[BlackElo "2300"]
[PlyCount "79"]
[EventDate "2011.10.21"]
[EventType "team-tourn"]
[EventRounds "11"]
[EventCountry "AUT"]
[SourceTitle "EXT 2013"]
[Source "ChessBase"]
[SourceDate "2012.11.22"]
[SourceVersion "1"]
[SourceVersionDate "2012.11.22"]
[SourceQuality "1"]
[WhiteTeam "Ansfelden"]
[BlackTeam "Graz Styria"]
[WhiteTeamCountry "AUT"]
[BlackTeamCountry "AUT"]

1. d4 Nf6 2. c4 e6 3. Nf3 d5 4. Nc3 dxc4 5. Qa4+ c6 6. Qxc4 b5 7. Qb3 Bb7 8. Bg5 Be7 9. e3 Nbd7 10. Be2 0-0 11. 0-0 a6 12. Rfd1 Qa5 13. Ne5 Rfe8 14. Nxd7 Nxd7 15. Bxe7 Rxe7 16. Ne4 Rd8 17. Rac1 h6 18. f4 Ba8 19. a3 Rb8 20. Nc5 Nxc5 21. Rxc5 Rd7 22. Bf3 Rd6 23. Qd3 Qd8 24. Rdc1 Qb6 25. Qd2 b4 26. a4 a5 27. b3 Bb7 28. Qf2 Rbd8 29. Qh4 Qa6 30. R1c4 Qb6 31. g4 Qa7 32. Qh5 Ra8 33. Qe5 Rd7 34. Bxc6 Bxc6 35. Rxc6 Rad8 36. Kf2 Qa8 37. Qb5 Kh7 38. R4c5 Rd5 39. Ra6 Rxc5 40. Qd3+ 1-0

[Event "AUT-chT2M 1112"]
[Site "Austria"]
[Date "2011.10.22"]
[Round "2.4"]
[White "Moser, Guenter"]
[Black "Spindelboeck, Gernot"]
[Result "1-0"]
[WhiteElo "2343"]
[BlackElo "2235"]
[PlyCount "67"]
[EventDate "2011.10.21"]
[EventType "team-tourn"]
[EventRounds "11"]
[EventCountry "AUT"]
[SourceTitle "EXT 2013"]
[Source "ChessBase"]
[SourceDate "2012.11.22"]
[SourceVersion "1"]
[SourceVersionDate "2012.11.22"]
[SourceQuality "1"]
[WhiteTeam "Ansfelden"]
[BlackTeam "Graz Austria"]
[WhiteTeamCountry "AUT"]
[BlackTeamCountry "AUT"]

1. d4 Nf6 2. c4 e6 3. Nf3 b6 4. a3 Ba6 5. b3 d5 6. cxd5 exd5 7. g3 Be7 8. Bg2 0-0 9. 0-0 c5 10. Ne5 Ne4 11. Bb2 f6 12. Nd3 c4 13. Nf4 Qd7 14. Nxd5 Qxd5 15. Nc3 Nxc3 16. Bxd5+ Nxd5 17. bxc4 Bxc4 18. e4 Nc7 19. Rc1 b5 20. Rxc4 bxc4 21. Qa4 Nba6 22. Rc1 Rab8 23. Qxc4+ Kh8 24. Rc2 h6 25. Kg2 Rb6 26. Bc1 Nb5 27. a4 Nd6 28. Qe6 Re8 29. a5 Bf8 30. Qxe8 Nxe8 31. axb6 axb6 32. Rc8 Kg8 33. Rxe8 Kf7 34. Ra8 1-0